000 00884nam a22002657a 4500
005 19970904051429.3
008 970904m19271929ii a 001 0aeng
010 _aENG-95785
020 _a8189289152
_c350.00
035 _aEN-79318
037 _bDBAD/PUB
040 _aDPL
082 _a613
100 _aIino, A.
240 _aSatyanā prayogo athavā ātmakathā.
_lEnglish
245 _aBetter living :
_c by A. Iino, [and] P.D. Gupta
_ban illustrative guide /
260 _aJaipur
_bCapricorn Publishing House
_c2008
270 _bJaipur
_e302017
_a4/363, Malviya Nagar
300 _a191p.
_c22 cm.(Hb)
650 _aHealth
700 _aGupta, P.D.
942 _2ddc
_cEN
_mIIN
_h613
999 _c33534
_d33534